<?xml version="1.0" encoding="UTF-8"?>
<record
    xmlns:xsi="http://www.w3.org/2001/XMLSchema-instance"
    xsi:schemaLocation="http://www.loc.gov/MARC21/slim http://www.loc.gov/standards/marcxml/schema/MARC21slim.xsd"
    xmlns="http://www.loc.gov/MARC21/slim">

  <leader>03153nam a2200553Ia 4500</leader>
  <controlfield tag="001">679</controlfield>
  <controlfield tag="008">241029s9999    xx            000 0 und d</controlfield>
  <datafield tag="010" ind1=" " ind2=" ">
    <subfield code="a">614</subfield>
  </datafield>
  <datafield tag="041" ind1=" " ind2=" ">
    <subfield code="a">Espa&#xF1;ol</subfield>
  </datafield>
  <datafield tag="082" ind1=" " ind2=" ">
    <subfield code="a">NO APLICA</subfield>
  </datafield>
  <datafield tag="245" ind1=" " ind2="0">
    <subfield code="a">Estrategia pedag&#xF3;gica para potenciar a los estudiantes en la construcci&#xF3;n de textos del 1er. Ciclo de la Educaci&#xF3;n B&#xE1;sica de la Escuela Ca&#xF1;ada Grande Monci&#xF3;n, Provincia Santiago Rodr&#xED;guez, a&#xF1;o 2012-1013.</subfield>
  </datafield>
  <datafield tag="260" ind1=" " ind2=" ">
    <subfield code="a">Valverde</subfield>
  </datafield>
  <datafield tag="300" ind1=" " ind2=" ">
    <subfield code="a">75</subfield>
  </datafield>
  <datafield tag="520" ind1=" " ind2=" ">
    <subfield code="a">9</subfield>
  </datafield>
  <datafield tag="630" ind1=" " ind2=" ">
    <subfield code="a">Educaci&#xF3;n</subfield>
  </datafield>
  <datafield tag="630" ind1=" " ind2=" ">
    <subfield code="a">Estrategias Pedag&#xF3;gicas</subfield>
  </datafield>
  <datafield tag="630" ind1=" " ind2=" ">
    <subfield code="a">Estudiantes</subfield>
  </datafield>
  <datafield tag="650" ind1=" " ind2=" ">
    <subfield code="a">Gesti&#xF3;n Educativa</subfield>
  </datafield>
  <datafield tag="690" ind1=" " ind2=" ">
    <subfield code="a">Elaborado</subfield>
  </datafield>
  <datafield tag="700" ind1=" " ind2=" ">
    <subfield code="e">asesor</subfield>
    <subfield code="a">P&#xE9;rez, Odalys </subfield>
  </datafield>
  <datafield tag="700" ind1=" " ind2=" ">
    <subfield code="e">autor</subfield>
    <subfield code="a">Rodr&#xED;guez B&#xE1;ez , Mar&#xED;a Yoselin</subfield>
  </datafield>
  <datafield tag="700" ind1=" " ind2=" ">
    <subfield code="e">autor</subfield>
    <subfield code="a">Basilio Rodr&#xED;guez, Juana Ramona</subfield>
  </datafield>
  <datafield tag="901" ind1=" " ind2=" ">
    <subfield code="a">{"1":"Rodr&#xED;guez B&#xE1;ez ","2":"Basilio Rodr&#xED;guez"}</subfield>
    <subfield code="b">{"1":"Mar&#xED;a Yoselin","2":"Juana Ramona"}</subfield>
  </datafield>
  <datafield tag="902" ind1=" " ind2=" ">
    <subfield code="a">1</subfield>
  </datafield>
  <datafield tag="903" ind1=" " ind2=" ">
    <subfield code="a">{"1":"P&#xE9;rez"}</subfield>
    <subfield code="b">{"1":"Odalys "}</subfield>
  </datafield>
  <datafield tag="904" ind1=" " ind2=" ">
    <subfield code="a">Maestr&#xED;a en</subfield>
  </datafield>
  <datafield tag="905" ind1=" " ind2=" ">
    <subfield code="a">Gesti&#xF3;n de Centros Educativos</subfield>
  </datafield>
  <datafield tag="906" ind1=" " ind2=" ">
    <subfield code="a">2</subfield>
  </datafield>
  <datafield tag="907" ind1=" " ind2=" ">
    <subfield code="a">NO APLICA</subfield>
  </datafield>
  <datafield tag="908" ind1=" " ind2=" ">
    <subfield code="a">NO APLICA</subfield>
  </datafield>
  <datafield tag="909" ind1=" " ind2=" ">
    <subfield code="a">Universidad Aut&#xF3;noma de Santo Domingo (UASD)</subfield>
  </datafield>
  <datafield tag="910" ind1=" " ind2=" ">
    <subfield code="a">NULL</subfield>
    <subfield code="b">NULL</subfield>
  </datafield>
  <datafield tag="911" ind1=" " ind2=" ">
    <subfield code="a">["1"]</subfield>
  </datafield>
  <datafield tag="912" ind1=" " ind2=" ">
    <subfield code="a">NO APLICA</subfield>
  </datafield>
  <datafield tag="913" ind1=" " ind2=" ">
    <subfield code="a">NULL</subfield>
  </datafield>
  <datafield tag="914" ind1=" " ind2=" ">
    <subfield code="a">01 de Mayo de 2013</subfield>
  </datafield>
  <datafield tag="915" ind1=" " ind2=" ">
    <subfield code="a">21/12/19 06:12</subfield>
  </datafield>
  <datafield tag="916" ind1=" " ind2=" ">
    <subfield code="a">NULL</subfield>
  </datafield>
  <datafield tag="917" ind1=" " ind2=" ">
    <subfield code="a">NULL</subfield>
  </datafield>
  <datafield tag="918" ind1=" " ind2=" ">
    <subfield code="a">NO APLICA</subfield>
  </datafield>
  <datafield tag="919" ind1=" " ind2=" ">
    <subfield code="a">["72","245","96"]</subfield>
  </datafield>
  <datafield tag="520" ind1=" " ind2=" ">
    <subfield code="a">Los principales objetivos del estudio consintieron en dise&#xF1;ar una estrategia pedag&#xF3;gica que contribuya a potenciar a los estudiantes en la construcci&#xF3;n de textos del Ciclo de la Educaci&#xF3;n B&#xE1;sica de la Escuela Ca&#xF1;ada Grande Monci&#xF3;n, a&#xF1;o 2012-1013. Conocer el estado actual de la construcci&#xF3;n de textos de dichos estudiantes y cu&#xE1;l es la estrategia que contribuye a potenciar la construcci&#xF3;n de textos, en los estudiantes del Ciclo de la Educaci&#xF3;n B&#xE1;sica de la Escuela.&#xA0;El estudio concluy&#xF3; que existen dificultades en el desarrollo de la construcci&#xF3;n de textos en los estudiantes, del Ciclo de la Educaci&#xF3;n B&#xE1;sica de la Escuela Ca&#xF1;ada Grande, Lo que permiti&#xF3; dise&#xF1;ar una propuesta de estrategia pedag&#xF3;gica para desarrollar la construcci&#xF3;n de textos en los estudiantes del Primer Ciclo de B&#xE1;sica. As&#xED; tambi&#xE9;n, que la estrategia pedag&#xF3;gica es visible por el conjunto de especialistas que la valoraron como realizable y, por los resultados destacados en las consideraciones de profesores y estudiantes luego de la aplicaci&#xF3;n parcial.El estudio recomend&#xF3; que los decentes implementen la totalidad de acciones de la estrategia pedag&#xF3;gica con los estudiantes de la Escuela Ca&#xF1;ada Grande Moncin. Los t&#xE9;cnicos distritales deben socializar la estrategia pedag&#xF3;gica en todas las escuelas del municipio Monci&#xF3;n. A la directora acompa&#xF1;ar de manera sistem&#xE1;tica y continua la labor de los docentes para que implementen las estrategias necesarias, para realzar la construcci&#xF3;n de textos en el proceso de ense&#xF1;anza-aprendizaje de la Lengua Espa&#xF1;ola. &#xA0;&#xA0;</subfield>
  </datafield>
  <datafield tag="921" ind1=" " ind2=" ">
    <subfield code="a">16</subfield>
  </datafield>
  <datafield tag="922" ind1=" " ind2=" ">
    <subfield code="a">16</subfield>
  </datafield>
  <datafield tag="923" ind1=" " ind2=" ">
    <subfield code="a">0</subfield>
  </datafield>
  <datafield tag="924" ind1=" " ind2=" ">
    <subfield code="a">NO APLICA</subfield>
  </datafield>
  <datafield tag="942" ind1=" " ind2=" ">
    <subfield code="c">Tesis</subfield>
  </datafield>
  <datafield tag="999" ind1=" " ind2=" ">
    <subfield code="c">614</subfield>
    <subfield code="d">614</subfield>
  </datafield>
</record>
